ZAMANI DURDURAN SAAT (Record no. 1157869)

MARC details
000 -LEADER
sabit uzunluktaki kontrol alanı 00246nam a2200097Ia 4500
001 - KONTROL NUMARASI
kontrol alanı 1157869
005 - EN SON İŞLEMİN TARİH VE ZAMANI
kontrol alanı 20250827011249.0
008 - SABİT-UZUNLUKTA VERİ ÖĞELERİ--GENEL BİLGİ
sabit uzunluktaki kontrol alanı 250824s9999 xx 000 0 und d
245 #0 - ESER / YAZAR
ESER ADI ZAMANI DURDURAN SAAT
Yazar Adı YAŞAR BAYRAKTAR
260 ## - YAYIN, DAĞITIM, VB.
YAYIN EVİ TİMAŞ GENÇ
Holdings
Düşüm durumu Kayıp durumu Hasar Durumu Ödünç verilmez Ana kütüphane Geçerli Kütüphane Edinilen tarih Toplam ödünç verme sayısı Barkod Son görüntüleme tarihi Fiyatın geçerli olmaya başladığı tarih Koha materyal türü
        TÜRK ANADOLU VAKFI İMAM HATİP ORTAOKULU TÜRK ANADOLU VAKFI İMAM HATİP ORTAOKULU 24.08.2025   10854455 27.08.2025 27.08.2025 Books